Harry Potter and the chamber of secrets / by J. K. ... Read More
Available copies
- 1 of 1 copy available at LARL/NWRL Consortium. (Show)
- 1 of 1 copy available at Northwest Regional Library.
Current holds
0 current holds with 1 total copy.
View other formats and editions
Show Only Available Copies
| Location | Call Number / Copy Notes | Barcode | Shelving Location | Status | Due Date |
|---|---|---|---|---|---|
| Godel Memorial-Warren Library | j ROW (Text) | 35500006846354 | Main | Available | - |
Record details
- ISBN: 9781338716535
- ISBN: 1338716530
- Physical Description: 384 pages : color illustrations ; 24 cm + ... Read More
- Publisher: New York, New York : Scholastic, Inc., 2021.
Content descriptions
| Summary, etc.: | "Harry Potter can't wait to get back to Hogwarts ... Read More |
Search for related items by subject
| Genre: | Fantasy fiction Fiction Juvenile works Toy and movable books Fantasy fiction. Toy and movable books. |
Search for related items by series
| LDR | 04609cam a2200865 i 4500 | ||
|---|---|---|---|
| 001 | 455806 | ||
| 003 | LARL_NWRL_CONSORTIUM | ||
| 005 | 20250205090536.0 | ||
| 008 | 210114s2021 nyua 000 f eng d | ||
| 040 | . | ‡aYDX ‡beng ‡erda ‡cYDX ‡dBDX ‡dJBU ‡dEZG ‡dYDX ‡dOCLCF ‡dIH5 ‡dOCLCO ‡dAZZPT ‡dTS275 ‡dOCLCL ‡dOEMEA ‡dJ9U ‡dOCLCO | |
| 020 | . | ‡a9781338716535 ‡qhardcover | |
| 020 | . | ‡a1338716530 ‡qhardcover | |
| 035 | . | ‡a(OCoLC)1231447474 | |
| 041 | 0 | . | ‡aeng |
| 043 | . | ‡ae-uk-en | |
| 082 | 0 | 4. | ‡a823/.914 ‡223 |
| 100 | 1 | . | ‡aRowling, J. K., ‡eauthor. ‡1https://id.oclc.org/worldcat/entity/E39PBJht4TvTf7DmRBJpBvcdcP ‡0(LARL_NWRL_CONSORTIUM)125043 |
| 245 | 1 | 0. | ‡aHarry Potter and the chamber of secrets / ‡bby J. K. Rowling ; designed and illustrated by Minalima. |
| 264 | 1. | ‡aNew York, New York : ‡bScholastic, Inc., ‡c2021. | |
| 300 | . | ‡a384 pages : ‡bcolor illustrations ; ‡c24 cm + ‡einteractive elements. | |
| 336 | . | ‡atext ‡btxt ‡2rdacontent | |
| 336 | . | ‡astill image ‡bsti ‡2rdacontent | |
| 337 | . | ‡aunmediated ‡bn ‡2rdamedia | |
| 338 | . | ‡avolume ‡bnc ‡2rdacarrier | |
| 490 | 0 | . | ‡aHarry Potter ; ‡v2 |
| 520 | . | ‡a"Harry Potter can't wait to get back to Hogwarts after a summer with no friends and no magic. But his second year at school is rife with fresh torments, including an outrageously stuck-up new professor, Gilderoy Lockhart; a spirit named Moaning Myrtle who haunts the girls' bathroom; and the unwanted attentions of Ron Weasley's younger sister, Ginny. These seem minor when the real trouble begins, and someone -- or something -- starts turning Hogwarts students to stone. Could it be Draco Malfoy, a more poisonous rival than ever? Could it be Hagrid, whose mysterious past is finally revealed? Or could it be the one everyone at Hogwarts suspects the most...Harry Potter himself?"--Back cover | |
| 600 | 1 | 0. | ‡aPotter, Harry ‡c(Fictitious character) ‡vJuvenile fiction. |
| 600 | 1 | 0. | ‡aGranger, Hermione ‡c(Fictitious character) ‡vJuvenile fiction. |
| 600 | 1 | 0. | ‡aWeasley, Ron ‡c(Fictitious character) ‡vJuvenile fiction. |
| 650 | 0. | ‡aHogwarts School of Witchcraft and Wizardry (Imaginary organization) ‡vJuvenile fiction. | |
| 650 | 0. | ‡aWizards ‡vJuvenile fiction. ‡0(LARL_NWRL_CONSORTIUM)168010 | |
| 650 | 0. | ‡aMagic ‡vJuvenile fiction. ‡0(LARL_NWRL_CONSORTIUM)165990 | |
| 650 | 0. | ‡aSchools ‡vJuvenile fiction. ‡0(LARL_NWRL_CONSORTIUM)167227 | |
| 651 | 0. | ‡aEngland ‡vJuvenile fiction. ‡0(LARL_NWRL_CONSORTIUM)168416 | |
| 650 | 1. | ‡aHogwarts School of Witchcraft and Wizardry (Imaginary organization) ‡vJuvenile fiction. | |
| 650 | 1. | ‡aWizards ‡vJuvenile fiction. ‡0(LARL_NWRL_CONSORTIUM)168010 | |
| 650 | 1. | ‡aMagic ‡vJuvenile fiction. ‡0(LARL_NWRL_CONSORTIUM)165990 | |
| 650 | 1. | ‡aGood and evil ‡vJuvenile fiction. ‡0(LARL_NWRL_CONSORTIUM)165510 | |
| 650 | 1. | ‡aSchools ‡vJuvenile fiction. ‡0(LARL_NWRL_CONSORTIUM)167227 | |
| 650 | 1. | ‡aFantasy ‡vJuvenile fiction. ‡0(LARL_NWRL_CONSORTIUM)172064 | |
| 600 | 1 | 7. | ‡aGranger, Hermione ‡c(Fictitious character) ‡2fast |
| 600 | 1 | 7. | ‡aPotter, Harry ‡c(Fictitious character) ‡2fast |
| 600 | 1 | 7. | ‡aWeasley, Ron ‡c(Fictitious character) ‡2fast |
| 650 | 7. | ‡aHogwarts School of Witchcraft and Wizardry (Imaginary organization) ‡2fast ‡0(LARL_NWRL_CONSORTIUM)12513 | |
| 650 | 7. | ‡aMagic ‡2fast ‡0(LARL_NWRL_CONSORTIUM)24943 | |
| 650 | 7. | ‡aSchools ‡2fast ‡0(LARL_NWRL_CONSORTIUM)30355 | |
| 650 | 7. | ‡aWizards ‡2fast ‡0(LARL_NWRL_CONSORTIUM)35534 | |
| 651 | 7. | ‡aEngland ‡2fast ‡0(LARL_NWRL_CONSORTIUM)178134 | |
| 655 | 7. | ‡aFantasy fiction ‡2fast | |
| 655 | 7. | ‡aFiction ‡2fast | |
| 655 | 7. | ‡aJuvenile works ‡2fast | |
| 655 | 7. | ‡aToy and movable books ‡2fast | |
| 655 | 7. | ‡aFantasy fiction. ‡2lcgft | |
| 655 | 7. | ‡aToy and movable books. ‡2lcgft | |
| 710 | 2 | . | ‡aMinalima Design (Firm), ‡eillustrator. |
| 901 | . | ‡a455806 ‡bAUTOGEN ‡c455806 ‡tbiblio | |

Add to basket
Permalink
Disable Highlighting